Cambodian journal of natural history. (Record no. 16227)

000 -LEADER
fixed length control field 00299cas a22001215i 4500
022 ## - INTERNATIONAL STANDARD SERIAL NUMBER
ISSN 2226-969X
040 ## - CATALOGING SOURCE
Transcribing agency DLC
082 ## - DEWEY DECIMAL CLASSIFICATION NUMBER
Classification number 193 CBC 2015 A002 Or.
245 00 - TITLE STATEMENT
Title Cambodian journal of natural history.
300 ## - PHYSICAL DESCRIPTION
Number of Pages volumes ;
Dimensions 28 cm
710 2# - ADDED ENTRY--CORPORATE NAME
Corporate name or jurisdiction name as entry element Centre for Biodiversity Conservation,
942 ## - ADDED ENTRY ELEMENTS (KOHA)
Koha item type សៀវភៅភាសាអង់គ្លេស
952 ## - LOCATION AND ITEM INFORMATION (KOHA)
Withdrawn status [LOCAL, KOHA] 0
Holdings
Permanent Location Date acquired Koha item type Lost status Shelving location Barcode Current Location Full call number
Library Block A2018-01-24សៀវភៅភាសាអង់គ្លេស A009A28291Library Block A193 CBC 2015 A009 Or.
មជ្ឈមណ្ឌលឯការនៃសាកលវិទ្យាល័យភូមិន្ទកសិកម្មចំការដូង

Powered by Koha